000 00880cam a22003017a 4500
003 CHAP
005 20220329134254.0
008 971013s1940 r 00010 d
010 _a17929
011 _a18901
035 _a22986
040 _cCHAP
082 _a574.012
_bH89
100 0 0 _aHuxley, Julian Sorell.
_957054
245 1 4 _aThe new systematics
260 _aLondon :
_bOxford University Press,
_c1940
300 _a583 p.
_b: ilus.
590 _aBATCH-UPD
_b10
_c20130110
_lUCH01
_h1730
590 _aBATCH-UPD
_b10
_c20130410
_lUCH01
_h1111
590 _aBATCH-UPD
_b10
_c20130914
_lUCH01
_h0633
590 _aCONVERSION
_b10
_c20130109
_lUCH01
_h1311
650 1 4 _aBiología
_xClasificación.
_912778
650 1 4 _aEvolución.
_939007
650 1 4 _aGenética.
_947469
901 _aBK
942 _cLIBRO
949 _a574.012 H89
_bBC
_cBPA
_d-53616
_eBPA
_h8054
_i22986
_si
999 _c17929
_d17929